La gloria de don Ramiro : Una vida en tiempos de Felipe II /
Salvato in:
| Autore principale: | |
|---|---|
| Natura: | Sconosciuto |
| Lingua: | Spanish |
| Pubblicazione: |
Argentina :
Sopena,
1943.
|
| Soggetti: | |
| Tags: |
Aggiungi Tag
Nessun Tag, puoi essere il primo ad aggiungerne!!
|
MARC
| LEADER | 000000000a22000000004500 | ||
|---|---|---|---|
| 001 | 002973 | ||
| 041 | 0 | |a spa | |
| 082 | 0 | 4 | |a Ar863.3 |b L333g |
| 100 | 1 | |a Larreta, Enrique | |
| 245 | 1 | 3 | |a La gloria de don Ramiro : |b Una vida en tiempos de Felipe II / |c Enrique Larreta. |
| 260 | 1 | |a Argentina : |b Sopena, |c 1943. | |
| 300 | |a 351 páginas ; |c 18 cm | ||
| 650 | 4 | |a LITERATURA ARGENTINA | |
| 650 | 4 | |a NOVELA | |
| 999 | |c 9296 |d 9296 | ||
| 942 | |c BK |h Ar863.3 L333g |2 z | ||
